00686nam a2200229 i 4500001001100000003000500011005001700016008004100033020002900074040002500103082001500128100002800143245004300171264005000214300002300264336002100287337002500308338002300333490003600356650002800392830003600420C2-0318485PPAK20210613122628.0121009s2012 my g | 0 may d a9789675450587qpaperback aPPAKbengcPPAKerda04a297.182230 aAmmar Khalis, eauthor.10aAkibat kepalsuan hidup /cAmmar Khalis 1aPasir Mas, Kelantan : bPustaka Sukses,c2012 a140 pages :c21 cm 2rdacontentatext 2rdamediaaunmediated 2rdacarrieravolume1 aSiri kisah kecemerlangan akhlak10aIslamic stories, Malay. 0aSiri kisah kecemerlangan akhlak